|
|
|
|
| LEADER |
01819cas a2200241 a 4500 |
| 001 |
AALejournalIMF014276 |
| 008 |
230101c9999 xx r poo 0 0eng d |
| 020 |
|
|
|c 5.00 USD
|
| 020 |
|
|
|z 9781475573480
|
| 022 |
|
|
|a 1934-7685
|
| 040 |
|
|
|a BD-DhAAL
|c BD-DhAAL
|
| 110 |
2 |
|
|a International Monetary Fund.
|b Monetary and Capital Markets Department.
|
| 245 |
1 |
0 |
|a Canada :
|b Financial Sector Assessment Program-Intensity and Effectiveness of Federal Bank Supervision in Canada-Technical Note.
|
| 264 |
|
1 |
|a Washington, D.C. :
|b International Monetary Fund,
|c 2014.
|
| 300 |
|
|
|a 1 online resource (27 pages)
|
| 490 |
1 |
|
|a IMF Staff Country Reports
|
| 500 |
|
|
|a <strong>Off-Campus Access:</strong> No User ID or Password Required
|
| 500 |
|
|
|a <strong>On-Campus Access:</strong> No User ID or Password Required
|
| 506 |
|
|
|a Electronic access restricted to authorized BRAC University faculty, staff and students
|
| 520 |
3 |
|
|a This paper evaluates Financial Sector Assessment Program (FSAP) intensity and effectiveness of Federal Bank supervision in Canada. The IMF report highlights that a key element of effective supervision is a willingness to increase supervisory pressure promptly when a supervisor identifies weaknesses in an institution. The IMF funding for Canadian banks is primarily through deposits and lending focuses on traditional bank products in Canada in the personal and commercial sectors. It also highlights that one of the key characteristics of Canada is a government housing policy that has contributed to a very safe and liquid residential mortgage finance system.
|
| 538 |
|
|
|a Mode of access: Internet
|
| 830 |
|
0 |
|a IMF Staff Country Reports; Country Report ;
|v No. 2014/070
|
| 856 |
4 |
0 |
|z Full text available on IMF
|u http://elibrary.imf.org/view/journals/002/2014/070/002.2014.issue-070-en.xml
|z IMF e-Library
|